Tổ chức bản vẽ trong AutoCAD 2004

Tập 1 trình bày những vấn đề cơ bản như tìm hiểu các menu, thanh công cụ, toolpalêtt, các thiết bị trỏ, tạo tuỳ biến mỗi trường bản vẽ. Bắt đầu, tổ chức và lưu thông bản vẽ, điều khiển các khung xem bản vẽ, chia sẻ dư liệu giữa các khung...

Ful tanımlama

Kaydedildi:
Detaylı Bibliyografya
Yazar: Phạm, Thành Đường
Materyal Türü: Kitap
Dil:Undetermined
Baskı/Yayın Bilgisi: Hà Nội Thống Kê 2003
Konular:
Etiketler: Etiketle
Etiket eklenmemiş, İlk siz ekleyin!
Thư viện lưu trữ: Trung tâm Học liệu Trường Đại học Cần Thơ
LEADER 01090nam a2200205Ia 4500
001 CTU_56979
008 210402s9999 xx 000 0 und d
020 |b 38500 
082 |a 006.68 
082 |b Đ561/T1 
100 |a Phạm, Thành Đường 
245 0 |a Tổ chức bản vẽ trong AutoCAD 2004 
245 0 |c Phạm Thành Đường 
260 |a Hà Nội 
260 |b Thống Kê 
260 |c 2003 
520 |a Tập 1 trình bày những vấn đề cơ bản như tìm hiểu các menu, thanh công cụ, toolpalêtt, các thiết bị trỏ, tạo tuỳ biến mỗi trường bản vẽ. Bắt đầu, tổ chức và lưu thông bản vẽ, điều khiển các khung xem bản vẽ, chia sẻ dư liệu giữa các khung xem bản vẽ và trình ứng dụng, sử dụng internet để chia sẻ bản vẽ với người khác... 
650 |a Autocad ( computer programs ),Computer drawing languages 
904 |i Qhieu 
980 |a Trung tâm Học liệu Trường Đại học Cần Thơ